• 首页
  • 本馆介绍
  • 公告通知
  • 最新文献
  • 馆藏检索
  • 电子资源
  • 读者导购
  • 参考咨询
  • 我的图书馆
  • 登录
  • 详细信息显示
  • 放入我的书架
  • 预约/预借图书
  • 作者相关作品
  • 分类相关作品
  • 丛书相关作品
  • 出版社相关作品

书目信息

  • 表格格式
  • 工作单格式
  • 卡片格式
题名:
新发展观
    
 
作者: 佩鲁 著 ;张宁 , 丰子义 译
分册:  
出版信息: 北京   华夏出版社  1987
页数: 206页
开本: 20cm
丛书名: 二十世纪文库
单 册:
中图分类: B565.59
科图分类:
主题词: 哲学--法国--现代
电子资源:
ISBN: 7-80053-040-X
000 00771nam2 2200265 45
001 0187001716
005 20050530112404.6
010    @a7-80053-040-X@dCNY2.05
100    @a19900808d1987 emky0chiy0121 ea
101 1  @achi@ceng
102    @aCN@b110000
105    @ay z 000yy
200 10 @a新发展观@Axin fa zhan guan@f(法)弗朗索瓦·佩鲁著@F(Fa)Fu Lang Suo Wa·Pei Lu Zhu@g张宁,丰子义译
210    @a北京@c华夏出版社@d1987
215    @a206页@d20cm
225 2  @a二十世纪文库
410  0 @120010@a二十世纪文库
606    @a哲学@y法国@z现代
690    @aB565.59@v3
701  0 @a佩鲁@4著
702  0 @a张宁@Azhang ning@4译
702  0 @a丰子义@Afeng zi yi@4译
801  0 @aCN@b深圳图书馆@c20040422
801  2 @aCN@bNLC@c20040422
905    @dB565.59@e10@b216737@f1
    
    新发展观/(法)弗朗索瓦·佩鲁著/张宁,丰子义译.-北京:华夏出版社,1987
    206页;20cm.-(二十世纪文库)
    
    
    ISBN 7-80053-040-X:CNY2.05
    
●
相关链接 在E读中查询图书 在五车中查询图书 在当当中查询图书 在豆瓣中查询图书


正题名:新发展观     索取号:B565.59/10         预约/预借

序号 登录号 条形码 馆藏地/架位号 状态 备注
1 0216735   000578422   第一借阅区/ [索取号:B565.59/10] 在馆    
2 0216736   000578477   第一借阅区/ [索取号:B565.59/10] 在馆    
3 0216737   000578431   第一样本阅览室/ [索取号:B565.59/10] 在馆    
唐山师范学院图书馆 欢迎您!
大连网信软件有限公司© 版权所有